[Event "Isle of Man Open"]
[Site "Douglas"]
[Date "20.10.2018"]
[Round "1.1"]
[White "Aronian, Levon"]
[Black "Kolosowski, Mateusz"]
[Result "1-0"]
[WhiteTitle "GM"]
[BlackTitle "IM"]
[WhiteElo "2780"]
[BlackElo "2448"]
[WhiteFideId "13300474"]
[BlackFideId "1129708"]
[EventDate "2018.10.20"]

1. e4 c5 2. Nf3 e6 3. d4 cxd4 4. Nxd4 Nc6 5. Nc3 Qc7 6. g3 a6 7. Bg2 d6 8. O-O
Bd7 9. Nce2 Nf6 10. c4 g6 11. b3 Bg7 12. Ba3 Rd8 13. Qd2 O-O 14. Rfd1 Nxd4 15.
Nxd4 Rfe8 16. Rac1 Bc8 17. Nc2 Bf8 18. Bb2 Bg7 19. Ne3 b6 20. Bd4 Qb8 21. Bc3 b5
22. e5 b4 23. Bxb4 dxe5 24. Qxd8 Qxb4 25. Qd2 Qb8 26. c5 e4 27. Qd6 Qa7 28. c6
Nd5 29. Nxd5 exd5 30. Qxd5 e3 31. fxe3 Bh6 32. Kh1 Bxe3 33. Rc2 Bf5 34. Re2 Be6
35. Qf3 Bb6 36. Rxe6 1-0

[Event "Isle of Man Open"]
[Site "Douglas"]
[Date "20.10.2018"]
[Round "1.2"]
[White "Kashlinskaya, Alina"]
[Black "Giri, Anish"]
[Result "1/2-1/2"]
[WhiteTitle "IM"]
[BlackTitle "GM"]
[WhiteElo "2447"]
[BlackElo "2780"]
[WhiteFideId "4198026"]
[BlackFideId "24116068"]
[EventDate "2018.10.20"]

1. d4 e6 2. c4 Bb4+ 3. Bd2 a5 4. Nf3 d5 5. Bxb4 axb4 6. e3 b6 7. Nbd2 Nf6 8. Be2
O-O 9. O-O Qe7 10. Qb3 Bb7 11. Rfc1 dxc4 12. Bxc4 c5 13. Bb5 Ne4 14. Nxe4 Bxe4
15. dxc5 bxc5 16. Qc4 Qb7 17. Qxc5 Bxf3 18. gxf3 Ra5 19. Bc6 Qa6 20. Qc4 Nxc6
21. Qxc6 Qe2 22. Rc2 Qd3 23. Qe4 Qxe4 24. fxe4 b3 25. Rc3 Rxa2 26. Rxa2 bxa2 27.
Ra3 Rb8 28. Rxa2 g5 29. Kf1 Kg7 30. Ke2 Kf6 31. Kd3 g4 32. Kc3 Rc8+ 33. Kd3 Rd8+
34. Kc3 Rc8+ 35. Kd3 Rd8+ 36. Kc3 Rc8+ 1/2-1/2

[Event "Isle of Man Open"]
[Site "Douglas"]
[Date "20.10.2018"]
[Round "1.3"]
[White "Vachier-Lagrave, Maxime"]
[Black "Lubbe, Nikolas"]
[Result "1-0"]
[WhiteTitle "GM"]
[BlackTitle "IM"]
[WhiteElo "2780"]
[BlackElo "2447"]
[WhiteFideId "623539"]
[BlackFideId "4694031"]
[EventDate "2018.10.20"]

1. e4 e5 2. Nf3 Nc6 3. Bc4 Nf6 4. d3 Be7 5. O-O O-O 6. Nc3 d6 7. a4 Kh8 8. h3
Nd7 9. a5 Nb4 10. Ne2 c5 11. Ng3 Nb8 12. c3 N4c6 13. Qa4 Be6 14. Nf5 Bxf5 15.
exf5 d5 16. a6 b6 17. Bb5 Qd6 18. Re1 Bd8 19. b4 cxb4 20. cxb4 f6 21. Bd2 Ne7
22. Nd4 Rg8 23. Be8 Nxf5 24. Nxf5 Qe6 25. Bb5 Qxf5 26. Rac1 g5 27. Qc2 Be7 28.
d4 e4 29. Qc7 g4 30. h4 Qe6 31. g3 1-0

[Event "Isle of Man Open"]
[Site "Douglas"]
[Date "20.10.2018"]
[Round "1.4"]
[White "Sundararajan, Kidambi"]
[Black "Kramnik, Vladimir"]
[Result "1/2-1/2"]
[WhiteTitle "GM"]
[BlackTitle "GM"]
[WhiteElo "2445"]
[BlackElo "2779"]
[WhiteFideId "5005370"]
[BlackFideId "4101588"]
[EventDate "2018.10.20"]

1. c4 Nf6 2. Nc3 e5 3. e3 Nc6 4. a3 g6 5. d4 d6 6. Nf3 Bg7 7. Be2 O-O 8. O-O e4
9. Nd2 Re8 10. b4 h5 11. b5 Na5 12. Bb2 Bf5 13. Nd5 c5 14. bxc6 Nxc6 15. Qb3 b6
16. Bc3 Rc8 17. a4 h4 18. a5 Nxa5 19. Bxa5 bxa5 20. Nxf6+ Bxf6 21. Qc3 Rc5 22.
Qa3 Rc7 23. Qxa5 Bg7 24. Rfc1 Qe7 25. Nb1 Rb8 26. Nc3 Rcb7 27. h3 Bc8 28. Rcb1
f5 29. Rxb7 Rxb7 30. Rb1 Rxb1+ 31. Nxb1 Bf8 32. Nc3 Qb7 33. Qd8 Be6 34. Nd5 Bxd5
35. cxd5 Kg7 36. Qa5 Be7 37. Qb5 Qc8 38. Qc6 Qd8 39. Bb5 a5 40. Qd7 Qf8 41. Qc7
Kh6 42. Qxa5 Bg5 43. Qc3 f4 44. exf4 Qxf4 45. Bd7 Qf7 46. Be6 Qa7 47. g3 hxg3
48. Qxg3 Qxd4 49. h4 Bc1 50. Kg2 Qf6 51. Qg4 Bf4 52. h5 gxh5 53. Qf5 Qg6+ 54.
Qxg6+ Kxg6 55. Bd7 Kg5 56. Be8 Be5 57. Bf7 h4 58. Be6 Kf4 59. Bd7 Bd4 60. Bc8
Bc5 61. Be6 Ke5 62. Kf1 Bb6 63. Kg2 Kd4 64. Kf1 Kd3 65. Bf5 Kd4 66. Be6 Kc4 67.
Ke2 Kc3 68. Bf5 Kd4 69. Be6 Ke5 70. Kf1 Kf4 71. Kg2 Ba7 72. Bd7 Ke5 73. Be6 Bc5
74. Kf1 h3 75. Bxh3 Kxd5 76. Ke2 Ke5 77. f3 1/2-1/2

[Event "Isle of Man Open"]
[Site "Douglas"]
[Date "20.10.2018"]
[Round "1.5"]
[White "So, Wesley"]
[Black "Krishna, C R G"]
[Result "1/2-1/2"]
[WhiteTitle "GM"]
[BlackTitle "IM"]
[WhiteElo "2776"]
[BlackElo "2445"]
[WhiteFideId "5202213"]
[BlackFideId "5018625"]
[EventDate "2018.10.20"]

1. d4 Nf6 2. c4 c6 3. Bf4 Qb6 4. Qd2 d5 5. e3 Bf5 6. Nc3 e6 7. f3 Nbd7 8. g4 Bg6
9. h4 h6 10. c5 Qd8 11. b4 Be7 12. Bg3 O-O 13. Nh3 a5 14. b5 e5 15. Be2 Ne8 16.
g5 hxg5 17. hxg5 Nc7 18. Bd1 Bxg5 19. Qh2 Bh6 20. Nf2 Ne6 21. dxe5 f5 22. Bf4
Bxf4 23. exf4 Kf7 24. Qg3 Rh8 25. Rxh8 Qxh8 26. Ba4 Rc8 27. bxc6 bxc6 28. Nxd5
Ndxc5 29. Nb6 Nxa4 30. Nxa4 Qf8 31. a3 Rd8 32. Nh3 Qe7 33. Ng5+ Nxg5 34. Qxg5
Qd7 35. Nb2 Qd2+ 36. Kf1 Rh8 37. e6+ Kg8 38. Qg2 Qxf4 39. Re1 Be8 40. Nd3 Qd4
41. Qe2 Qd6 42. Nf2 Rh6 43. e7 Kf7 44. Qe5 Qxe5 45. Rxe5 a4 46. Rxf5+ Kxe7 1/2-1/2

[Event "Isle of Man Open"]
[Site "Douglas"]
[Date "20.10.2018"]
[Round "1.7"]
[White "Grischuk, Alexander"]
[Black "Merry, Alan B"]
[Result "1-0"]
[WhiteTitle "GM"]
[BlackTitle "IM"]
[WhiteElo "2769"]
[BlackElo "2435"]
[WhiteFideId "4126025"]
[BlackFideId "418811"]
[EventDate "2018.10.20"]

1. e4 e6 2. d4 d5 3. Nc3 dxe4 4. Nxe4 Bd7 5. Nf3 Bc6 6. Bd3 Nd7 7. O-O Ngf6 8.
Ng3 g6 9. b3 Bg7 10. Ba3 Bf8 11. Bb2 Bg7 12. Ba3 Bf8 13. Bb2 Bg7 14. c4 O-O 15.
b4 Bxf3 16. Qxf3 c6 17. a4 Qc7 18. a5 Rad8 19. Rfe1 Rfe8 20. Bf1 h5 21. Rad1 b6
22. axb6 axb6 23. Bc1 b5 24. cxb5 cxb5 25. Bxb5 Qb6 26. Bc6 Ng4 27. h3 Nde5 28.
dxe5 Rxd1 29. Qxd1 Qxf2+ 30. Kh1 Qxg3 31. hxg4 Qh4+ 32. Kg1 Rd8 33. Qe2 hxg4 34.
Bf4 g5 35. g3 Qh3 36. Bg2 Qh5 37. Bc1 Bf8 38. Qe4 Kg7 39. Be3 Be7 40. b5 1-0

[Event "Isle of Man Open"]
[Site "Douglas"]
[Date "20.10.2018"]
[Round "1.9"]
[White "Karjakin, Sergey"]
[Black "Soumya, Swaminathan"]
[Result "1-0"]
[WhiteTitle "GM"]
[BlackTitle "WGM"]
[WhiteElo "2760"]
[BlackElo "2423"]
[WhiteFideId "14109603"]
[BlackFideId "5016193"]
[EventDate "2018.10.20"]

1. e4 c5 2. Nf3 Nc6 3. Bb5 g6 4. O-O Bg7 5. Nc3 Nd4 6. Ba4 a6 7. Nxd4 cxd4 8.
Ne2 b5 9. Bb3 Bb7 10. d3 d5 11. f3 e6 12. Qe1 Ne7 13. Qh4 dxe4 14. fxe4 Nc6 15.
Bg5 Qd6 16. Rf3 h6 17. Bf6 Bxf6 18. Qxf6 Rh7 19. Bd5 Rd8 20. Bxc6+ Bxc6 21. Raf1
e5 22. Qxd6 Rxd6 23. Rf6 Re6 24. Rxe6+ fxe6 25. Rf6 Ke7 26. Rxg6 Be8 27. Rg8 Kd8
28. Kf2 Rc7 29. c3 dxc3 30. bxc3 a5 31. a3 Rf7+ 32. Ke1 Ke7 33. Ng1 Bd7 34. Nf3
Kd6 35. Ra8 a4 36. Ra6+ 1-0

[Event "Isle of Man Open"]
[Site "Douglas"]
[Date "20.10.2018"]
[Round "1.10"]
[White "Munguntuul, Batkhuyag"]
[Black "Wojtaszek, Radoslaw"]
[Result "1/2-1/2"]
[WhiteTitle "IM"]
[BlackTitle "GM"]
[WhiteElo "2422"]
[BlackElo "2727"]
[WhiteFideId "4900758"]
[BlackFideId "1118358"]
[EventDate "2018.10.20"]

1. e4 c5 2. Nf3 d6 3. d4 cxd4 4. Nxd4 Nf6 5. Nc3 a6 6. Be2 e5 7. Nf3 Be7 8. Bg5
Nbd7 9. a4 Qb6 10. O-O h6 11. Be3 Qxb2 12. Nd5 Nxd5 13. Qxd5 Nf6 14. Qd3 Qb4 15.
Nd2 Qa5 16. Nc4 Qc7 17. Nb6 Rb8 18. a5 O-O 19. Rfb1 Qc6 20. Bf3 Be6 21. Rb2 Nd7
22. Nxd7 Bxd7 23. Rab1 Qc8 24. Ba7 Ra8 25. Rxb7 Bb5 26. R1xb5 axb5 27. Qxb5 Bd8
28. a6 Qxc2 29. g3 Bg5 30. Bb6 d5 31. a7 dxe4 32. Be2 e3 33. h4 exf2+ 34. Kxf2
Bd2 35. Bc5 Bc3 36. Rb8 Qf5+ 37. Kg1 Rc8 38. Qb7 Raxb8 39. axb8=Q Rxb8 40. Qxb8+
Kh7 41. Qb3 Qe4 42. Qd1 g6 43. Kh2 Bd4 44. Bf8 Qa8 45. Bb4 Qe4 46. Qf1 Kg7 47.
Be7 f5 48. Bd6 f4 49. g4 Qd5 50. Bb4 Qb3 51. Be1 Qe3 52. Qf3 Qg1+ 53. Kh3 Qxe1
54. Qb7+ Kh8 55. Qc8+ Kh7 56. Qd7+ 1/2-1/2

[Event "Isle of Man Open"]
[Site "Douglas"]
[Date "20.10.2018"]
[Round "1.11"]
[White "Rapport, Richard"]
[Black "Raja, Harshit"]
[Result "1/2-1/2"]
[WhiteTitle "GM"]
[BlackTitle "IM"]
[WhiteElo "2725"]
[BlackElo "2420"]
[WhiteFideId "738590"]
[BlackFideId "5089000"]
[EventDate "2018.10.20"]

1. e4 c5 2. Nc3 d6 3. Nge2 Nf6 4. g3 Nc6 5. d4 cxd4 6. Nxd4 g6 7. Nde2 Bg7 8.
Bg2 h5 9. h3 Bd7 10. a4 Qc8 11. Nd5 Nxd5 12. exd5 Ne5 13. Ra2 h4 14. g4 g5 15.
Nd4 Qc4 16. b3 Qb4+ 17. Qd2 Qxd2+ 18. Bxd2 a6 19. Be3 Rc8 20. Be4 Bf6 21. a5 Rc7
22. Ke2 O-O 23. c4 Kg7 24. Nf5+ Bxf5 25. Bxf5 Ng6 26. Bb6 Nf4+ 27. Kd1 Rc5 28.
Rc2 e6 29. Bxc5 dxc5 30. Be4 Rd8 31. Kc1 Bd4 32. Kb1 exd5 33. cxd5 Rd7 34. d6
Kf6 35. f3 Ke5 36. b4 cxb4 37. Rc7 Rxd6 38. Rxf7 Bc3 39. Re7+ Kf6 40. Rxb7 Rd2
41. Bc2 Rf2 42. Rd1 Ne6 43. Rd5 Nd4 44. Rb6+ Ke7 45. Re5+ Kd8 46. Rd5+ Ke7 47.
Re5+ 1/2-1/2

[Event "Isle of Man Open"]
[Site "Douglas"]
[Date "20.10.2018"]
[Round "1.13"]
[White "Naiditsch, Arkadij"]
[Black "Gaponenko, Inna"]
[Result "1-0"]
[WhiteTitle "GM"]
[BlackTitle "IM"]
[WhiteElo "2721"]
[BlackElo "2409"]
[WhiteFideId "4650891"]
[BlackFideId "14101181"]
[EventDate "2018.10.20"]

1. e4 e6 2. d3 d5 3. Nd2 Nf6 4. Ngf3 c5 5. g3 Nc6 6. Bg2 g6 7. O-O Bg7 8. exd5
Nxd5 9. Nb3 Qd6 10. c4 Nde7 11. Be3 Nd4 12. Ng5 f5 13. Bxd4 cxd4 14. c5 Qd8 15.
Re1 e5 16. Nd2 h6 17. Ngf3 Qc7 18. Nc4 O-O 19. b4 Nc6 20. b5 Ne7 21. Ncxe5 Qxc5
22. Qa4 a6 23. Rac1 Qxb5 24. Qa3 Nc6 25. Nxg6 Rd8 26. Rb1 Qa5 27. Qb3+ Qd5 28.
Re8+ Kf7 29. Nfe5+ Kxe8 30. Bxd5 Nxe5 31. Re1 1-0

[Event "Isle of Man Open"]
[Site "Douglas"]
[Date "20.10.2018"]
[Round "1.14"]
[White "Arjun, Kalyan"]
[Black "Le, Quang Liem"]
[Result "1/2-1/2"]
[BlackTitle "GM"]
[WhiteElo "2408"]
[BlackElo "2715"]
[WhiteFideId "35018701"]
[BlackFideId "12401137"]
[EventDate "2018.10.20"]

1. e4 c5 2. Nf3 Nc6 3. d4 cxd4 4. Nxd4 Nf6 5. Nc3 e5 6. Ndb5 d6 7. Bg5 a6 8. Na3
b5 9. Nd5 Be7 10. Bxf6 Bxf6 11. c3 Rb8 12. Nc2 O-O 13. h4 g6 14. g3 Bg7 15. Nce3
Be6 16. h5 a5 17. a3 Rb7 18. hxg6 hxg6 19. Qf3 Qg5 20. Bh3 b4 21. axb4 axb4 22.
Qg2 bxc3 23. bxc3 Rc8 24. Rd1 Nd8 25. Qh2 Qh5 26. Qg2 Qg5 27. Qh2 Rb2 28. Bf1
Nb7 29. Qh4 Qxh4 30. gxh4 Kf8 31. h5 Nc5 32. f3 gxh5 33. Rxh5 Bxd5 34. Nxd5 Ne6
35. Rd2 Rb3 36. Bh3 Rd8 37. Bxe6 fxe6 38. Nc7 Kf7 39. c4 Rxf3 40. Nb5 Ke7 41.
Rg2 Rf7 42. Rh7 Bf8 43. Rxf7+ Kxf7 44. Rd2 Rc8 45. Nxd6+ Bxd6 46. Rxd6 Rxc4 47.
Ke2 Rxe4+ 48. Kd3 Rh4 49. Ra6 Kf6 50. Ra8 e4+ 51. Ke3 Kf5 52. Ra5+ e5 53. Ra8
Rh3+ 54. Ke2 e3 55. Ra4 Rg3 56. Rb4 Rg4 57. Rxg4 Kxg4 58. Kxe3 Kf5 59. Kf3 e4+
60. Ke3 Ke5 61. Ke2 Kd4 62. Kd2 e3+ 63. Ke2 Ke4 64. Ke1 Kd3 65. Kd1 e2+ 66. Ke1
Ke3 1/2-1/2

[Event "Isle of Man Open"]
[Site "Douglas"]
[Date "20.10.2018"]
[Round "1.15"]
[White "Adams, Michael"]
[Black "Erenberg, Ariel"]
[Result "1/2-1/2"]
[WhiteTitle "GM"]
[BlackTitle "IM"]
[WhiteElo "2712"]
[BlackElo "2407"]
[WhiteFideId "400041"]
[BlackFideId "2811634"]
[EventDate "2018.10.20"]

1. e4 e5 2. Nf3 Nc6 3. Bb5 a6 4. Ba4 Nf6 5. O-O Be7 6. d3 b5 7. Bb3 O-O 8. a4 b4
9. Nbd2 Bc5 10. Nc4 d6 11. Be3 Bxe3 12. fxe3 a5 13. Qe1 Ne7 14. Nh4 Be6 15. Qg3
Ng6 16. Nf5 Nh5 17. Qh3 Qg5 18. Rf3 d5 19. exd5 Bxd5 20. Nd2 Bb7 21. Raf1 Rad8
22. g4 Nf6 23. Rg3 e4 24. d4 c5 25. c3 Bc8 26. Rg2 bxc3 27. bxc3 cxd4 28. cxd4
Be6 29. Qg3 Bxb3 30. Nxb3 Rb8 31. Nxa5 h5 32. gxh5 Qxh5 33. Nc6 Rb3 34. a5 Kh7
35. a6 Rb6 36. Ne5 Rxa6 37. Ne7 Qh6 38. Nf5 Qh5 39. Ne7 Qh6 40. N7xg6 fxg6 41.
Nxg6 Rfa8 42. Ne7 Ra1 43. Nf5 Rxf1+ 44. Kxf1 Ra1+ 45. Kf2 Ra2+ 46. Ke1 Ra1+ 47.
Kd2 Ra2+ 48. Kc1 Rxg2 49. Qxg2 Qg6 50. Qh3+ Qh5 51. Qxh5+ Nxh5 52. Kc2 Kg6 53.
Ng3 Nf6 54. Kb3 Kg5 55. Kc4 Kg4 56. d5 Kf3 57. Kd4 Nxd5 58. Kxd5 Kxe3 59. Nxe4
Kf3 60. h3 Kg2 61. Ng5 Kg3 62. Ke5 Kh4 63. Kf5 Kg3 64. Ke4 Kh4 65. Kf4 g6 1/2-1/2

[Event "Isle of Man Open"]
[Site "Douglas"]
[Date "20.10.2018"]
[Round "1.16"]
[White "Eggleston, David J"]
[Black "Vidit, Santosh Gujrathi"]
[Result "0-1"]
[WhiteTitle "IM"]
[BlackTitle "GM"]
[WhiteElo "2406"]
[BlackElo "2711"]
[WhiteFideId "412120"]
[BlackFideId "5029465"]
[EventDate "2018.10.20"]

1. e4 e5 2. Nf3 Nc6 3. Bc4 Bc5 4. c3 Nf6 5. d3 d6 6. O-O O-O 7. a4 a5 8. Bg5 h6
9. Bh4 g5 10. Nxg5 hxg5 11. Bxg5 Kg7 12. Qf3 Rh8 13. Nd2 Qe7 14. h4 Bd7 15. Bd5
Rag8 16. Nc4 Nxd5 17. Bxe7 Ndxe7 18. Ne3 Rxh4 19. g3 Rh6 20. Rfc1 Rf8 21. Kf1 f5
22. Ke1 fxe4 23. Qxe4 d5 24. Qg2 Bh3 25. Qg1 Bxe3 26. fxe3 Rhf6 27. Ke2 Bg4+ 28.
Ke1 e4 29. d4 Rf3 30. c4 Nb4 31. Kd2 Rf2+ 32. Kc3 R8f3 33. Kb3 Rxe3+ 34. Rc3
dxc4+ 35. Kxc4 Be6+ 36. d5 Bxd5+ 37. Kd4 Nc2+ 38. Kc5 Rxc3+ 39. bxc3 Rf6 40. Kb5
Nxa1 41. Qxa1 e3 42. c4 Bc6+ 43. Kxa5 Kf7 44. g4 Bf3 45. c5 Nc6+ 0-1

[Event "Isle of Man Open"]
[Site "Douglas"]
[Date "20.10.2018"]
[Round "1.17"]
[White "Artemiev, Vladislav"]
[Black "Tarjan, James"]
[Result "1-0"]
[WhiteTitle "GM"]
[BlackTitle "GM"]
[WhiteElo "2706"]
[BlackElo "2404"]
[WhiteFideId "24101605"]
[BlackFideId "2000180"]
[EventDate "2018.10.20"]

1. c4 e6 2. g3 d5 3. Bg2 Nf6 4. Nf3 Be7 5. O-O O-O 6. b3 b6 7. Bb2 Bb7 8. cxd5
exd5 9. d4 Nbd7 10. Nc3 Re8 11. Rc1 a6 12. e3 Bd6 13. Ne2 Qe7 14. Nf4 Rad8 15.
Re1 Ne4 16. Re2 Ndf6 17. Ne5 c5 18. Rec2 Rc8 19. Ng4 Nxg4 20. Qxg4 c4 21. bxc4
dxc4 22. Nh5 f5 23. Qxf5 Rf8 24. Qg4 Bd5 25. Bxe4 Bxe4 26. Nxg7 Bf3 27. Qe6+
Qxe6 28. Nxe6 b5 29. Nxf8 Bxf8 30. a3 Kf7 31. Rd2 Ke6 32. d5+ Bxd5 33. e4 Bb7
34. Kf1 a5 35. f4 Bxe4 36. Re1 Kf5 37. g4+ Kxg4 38. Rxe4 c3 39. Rg2+ Kf3 40. Re5
cxb2 41. Rf2+ Kg4 42. Rg5+ Kh4 43. Rxb2 b4 44. a4 Rc1+ 45. Ke2 Bc5 46. Rb3 Rc4
47. Kf3 Bb6 48. Rd3 Bc7 49. Rf5 Bb6 50. Rf6 1-0

[Event "Isle of Man Open"]
[Site "Douglas"]
[Date "20.10.2018"]
[Round "1.18"]
[White "Zhukova, Natalia"]
[Black "Eljanov, Pavel"]
[Result "0-1"]
[WhiteTitle "GM"]
[BlackTitle "GM"]
[WhiteElo "2403"]
[BlackElo "2703"]
[WhiteFideId "14101513"]
[BlackFideId "14102951"]
[EventDate "2018.10.20"]

1. Nf3 Nf6 2. c4 e6 3. Nc3 Bb4 4. Qc2 O-O 5. a3 Bxc3 6. Qxc3 d6 7. b4 e5 8. Bb2
Re8 9. e3 Bg4 10. Be2 e4 11. Nd4 Bxe2 12. Nxe2 Nc6 13. f4 exf3 14. gxf3 Ne5 15.
O-O-O c5 16. bxc5 dxc5 17. Nf4 b5 18. cxb5 Rb8 19. a4 a6 20. d4 cxd4 21. Rxd4
Qe7 22. Kb1 axb5 23. a5 Nxf3 24. Nd5 Nxd5 25. Rxd5 Qe4+ 26. Ka1 Qa4+ 27. Kb1 f6
28. Qd3 Ne5 29. Bxe5 fxe5 30. Rg1 Qb4+ 31. Ka2 Qxa5+ 32. Kb2 Qb4+ 33. Qb3 Qxb3+
34. Kxb3 Rbd8 35. Rgd1 Rxd5 36. Rxd5 Kf7 37. Rxb5 Kf6 38. Kc4 Rd8 39. Rb2 Kf5
40. Rb7 Ke4 41. Rxg7 Rc8+ 42. Kb3 h5 43. Rg3 Kd3 44. e4+ Kxe4 45. Rh3 Kf4 46.
Rxh5 e4 47. Rh7 e3 48. Rf7+ Ke4 49. Re7+ Kf3 50. Rf7+ Kg2 51. Re7 Kf2 52. Rf7+
Ke1 53. h4 Rh8 0-1

[Event "Isle of Man Open"]
[Site "Douglas"]
[Date "20.10.2018"]
[Round "1.19"]
[White "Almasi, Zoltan"]
[Black "Bulmaga, Irina"]
[Result "1/2-1/2"]
[WhiteTitle "GM"]
[BlackTitle "IM"]
[WhiteElo "2702"]
[BlackElo "2402"]
[WhiteFideId "702293"]
[BlackFideId "13903063"]
[EventDate "2018.10.20"]

1. e4 c5 2. Nf3 d6 3. d4 cxd4 4. Nxd4 Nf6 5. Nc3 a6 6. Nb3 e6 7. g4 Nc6 8. Bg2
Be7 9. g5 Nd7 10. h4 O-O 11. f4 b5 12. O-O Bb7 13. a4 b4 14. Ne2 Nc5 15. Be3
Nxb3 16. cxb3 Re8 17. Rc1 Bf8 18. Qd3 d5 19. e5 Rc8 20. Nd4 Nxd4 21. Qxd4 Qe7
22. Qb6 Rxc1 23. Rxc1 Rc8 24. Rxc8 Bxc8 25. Bf1 Qb7 26. Qxb7 Bxb7 27. Kf2 Be7
28. Bb6 h6 29. Ke3 f6 30. Bh3 Bc8 31. gxf6 gxf6 32. h5 fxe5 33. fxe5 Bh4 34. Kf3
Kf7 35. Be3 Kg7 36. Bc5 Be1 37. Bf1 Bb7 38. Bd3 Bc8 39. Be7 Bd2 40. Bg6 Bd7 41.
Bd3 Bc8 42. Bc5 Be1 43. Bf2 Bd2 44. Be3 Be1 45. Bf1 Bb7 46. Kg4 Bc8 47. Be2 Bb7
48. Bd3 Bc8 49. Bg6 Bd7 50. Kf3 Bc6 51. Bc5 Bd2 52. Bd6 Bd7 53. Bd3 Bc8 54. Bf1
Bb7 55. Bc5 Bc8 56. Be3 Be1 57. Bh3 Bd7 58. Bc5 Bd2 59. Bd6 Bc8 60. Ke2 Bf4 61.
Kd3 Bg3 62. Kd4 Bf2+ 63. Kd3 Bg3 1/2-1/2

[Event "Isle of Man Open"]
[Site "Douglas"]
[Date "20.10.2018"]
[Round "1.21"]
[White "Nabaty, Tamir"]
[Black "Seul, Georg"]
[Result "1-0"]
[WhiteTitle "GM"]
[BlackTitle "IM"]
[WhiteElo "2692"]
[BlackElo "2402"]
[WhiteFideId "2809052"]
[BlackFideId "4601653"]
[EventDate "2018.10.20"]

1. d4 Nf6 2. Bf4 d5 3. e3 e6 4. Nf3 Bd6 5. Bxd6 cxd6 6. c4 dxc4 7. Bxc4 O-O 8.
Nc3 a6 9. O-O b5 10. Bd3 Bb7 11. a3 Nbd7 12. e4 Rc8 13. Re1 e5 14. d5 Qb6 15.
Qd2 Nc5 16. Bc2 b4 17. axb4 Qxb4 18. Nh4 Rc7 19. Nf5 Ne8 20. Ra2 Bc8 21. Ne3 g6
22. Nb1 Rb7 23. f3 f5 24. exf5 gxf5 25. Rc1 Kh8 26. Bd1 Bd7 27. Nc4 Qxd2 28.
Nbxd2 Nd3 29. Rc3 Nb4 30. Rb3 Rb5 31. Ra4 Nxd5 32. Rxa6 Rc5 33. Rb8 Rg8 34. Bb3
Nf4 35. g3 Be6 36. Kf1 Nd3 37. Nxd6 Nc7 38. Rab6 Bxb3 39. Nxb3 Rc2 40. Nxf5 Nxb2
41. Na5 Rc1+ 42. Kg2 Rc2+ 43. Kh3 Nd3 44. Nc6 Ne6 45. Rxg8+ Kxg8 46. Nb4 Nxb4
47. Rxe6 Nd3 48. Re7 Rf2 49. Rg7+ Kf8 50. Rxh7 Rxf3 51. Kg4 e4 52. Rh8+ Kf7 53.
Nd6+ Kg7 54. Re8 Nf2+ 55. Kg5 Re3 56. Re7+ Kg8 57. Kg6 Rf3 58. Nxe4 Kf8 59. Re6 1-0

[Event "Isle of Man Open"]
[Site "Douglas"]
[Date "20.10.2018"]
[Round "1.23"]
[White "Howell, David W L"]
[Black "Rahul, Srivatshav P"]
[Result "1/2-1/2"]
[WhiteTitle "GM"]
[BlackTitle "IM"]
[WhiteElo "2689"]
[BlackElo "2395"]
[WhiteFideId "410608"]
[BlackFideId "25059653"]
[EventDate "2018.10.20"]

1. d4 Nf6 2. Nf3 g6 3. Bg5 Bg7 4. c3 b6 5. a4 a6 6. Nbd2 Bb7 7. Qc2 c5 8. dxc5
bxc5 9. e4 O-O 10. h3 d6 11. Be2 Nbd7 12. O-O Ra7 13. Rfe1 Qa8 14. Bf1 Bc6 15.
Rad1 Rb8 16. e5 dxe5 17. Nxe5 Nxe5 18. Rxe5 Rd7 19. Ree1 Ne4 20. Nxe4 Bxe4 21.
Qe2 Rxd1 22. Rxd1 e6 23. Qxa6 Qxa6 24. Bxa6 Bc2 25. Rd2 Bxa4 26. Bf4 Re8 27. Bc7
Bf6 28. f4 Ra8 29. Bc4 Bc6 30. Kf2 h5 31. g3 Rc8 32. Bd6 Rd8 33. Ke3 Bd5 34. Bc7
Rc8 35. Bxd5 Rxc7 36. Bc4 e5 37. Rd6 Kg7 38. Bd5 Re7 39. Rc6 exf4+ 40. Kxf4 Re2
41. Rxc5 Be5+ 42. Kf3 Rxb2 43. Bxf7 Bxc3 44. Bxg6 Bd4 45. Rc6 Rb6 46. Rxb6 Bxb6
47. Bxh5 Bc7 48. g4 Bd8 49. Kg3 Kh6 50. h4 Be7 51. Be8 Bd8 52. g5+ Bxg5 53.
hxg5+ Kxg5 1/2-1/2

[Event "Isle of Man Open"]
[Site "Douglas"]
[Date "20.10.2018"]
[Round "1.24"]
[White "Hemant, Sharma2"]
[Black "Jones, Gawain C B"]
[Result "1/2-1/2"]
[WhiteTitle "IM"]
[BlackTitle "GM"]
[WhiteElo "2393"]
[BlackElo "2677"]
[WhiteFideId "5025842"]
[BlackFideId "409561"]
[EventDate "2018.10.20"]

1. c4 g6 2. Nc3 Bg7 3. g3 Nc6 4. Bg2 d6 5. d3 Nf6 6. Nf3 O-O 7. O-O e5 8. Rb1 a5
9. a3 Nd4 10. b4 axb4 11. axb4 c6 12. b5 Bg4 13. bxc6 bxc6 14. e3 Nxf3+ 15. Bxf3
Bxf3 16. Qxf3 d5 17. cxd5 cxd5 18. e4 d4 19. Nb5 Qe7 20. Bg5 Rfc8 21. Rfc1 Rab8
22. Kg2 h6 23. Bxf6 Bxf6 24. Na3 Qxa3 25. Qxf6 Qxd3 26. Qxe5 Qxb1 27. Rxb1 Rxb1
28. Qxd4 h5 29. h3 Re1 30. g4 h4 31. Qd7 Ra8 32. Qe7 Re2 33. e5 Ra6 34. Qxh4 Re6
35. Qd8+ Kg7 36. Kg3 R2xe5 37. Qd4 Kg8 38. f3 Re8 39. h4 Re1 40. Kf4 R8e6 41.
Kg3 Re8 42. Kf4 Kh7 43. Qd3 Kg7 44. Qd4+ Kg8 45. Qd5 R8e6 46. Qd4 R1e2 47. Kg3
R2e3 48. Qd8+ Kh7 49. Qg5 Rd3 50. h5 Ree3 51. hxg6+ fxg6 52. Qf6 Rxf3+ 1/2-1/2

[Event "Isle of Man Open"]
[Site "Douglas"]
[Date "20.10.2018"]
[Round "1.25"]
[White "Sethuraman, S.P."]
[Black "Trent, Lawrence"]
[Result "1-0"]
[WhiteTitle "GM"]
[BlackTitle "IM"]
[WhiteElo "2673"]
[BlackElo "2391"]
[WhiteFideId "5021596"]
[BlackFideId "408638"]
[EventDate "2018.10.20"]

1. e4 c5 2. Nf3 Nc6 3. d4 cxd4 4. Nxd4 Nf6 5. Nc3 d6 6. Bg5 e6 7. Qd2 Qb6 8. Nb3
a6 9. O-O-O Qc7 10. Bxf6 gxf6 11. f4 b5 12. Kb1 h5 13. Bd3 Bb7 14. Rhe1 O-O-O
15. Qf2 Qb8 16. Qh4 Qc7 17. Qxf6 Rg8 18. Qh4 Rxg2 19. Qxh5 Bg7 20. Nd5 Qb8 21.
Qxf7 exd5 22. Bf1 Rxh2 23. Qxg7 Qc7 24. Qxc7+ Kxc7 25. exd5 Nb4 26. Nd4 Kb6 27.
f5 Rc8 28. Re2 Rh1 29. Ree1 Rh2 30. Be2 Nxd5 31. Bf3 Rf2 32. Rf1 Rh2 33. Rfe1
Rf2 34. Re2 Rxe2 35. Nxe2 Re8 36. Bxd5 Rxe2 37. Bxb7 Kxb7 38. Rf1 Re7 39. a4 Kc6
40. Ka2 b4 41. f6 Rf7 42. Kb3 a5 43. Kc4 1-0

[Event "Isle of Man Open"]
[Site "Douglas"]
[Date "20.10.2018"]
[Round "1.26"]
[White "Hoefelsauer, Thomas"]
[Black "Adhiban, Baskaran"]
[Result "0-1"]
[WhiteTitle "FM"]
[BlackTitle "GM"]
[WhiteElo "2380"]
[BlackElo "2668"]
[WhiteFideId "24668842"]
[BlackFideId "5018471"]
[EventDate "2018.10.20"]

1. d4 g6 2. Nf3 Bg7 3. c4 c5 4. d5 d6 5. e4 e6 6. Nc3 exd5 7. exd5 Bg4 8. Bd3
Nd7 9. O-O Ne5 10. Be2 Bxf3 11. Bxf3 Nh6 12. Be2 O-O 13. f4 Nd7 14. Bd3 Nf6 15.
h3 Nh5 16. g4 Qh4 17. Rf3 Rae8 18. Bd2 Bd4+ 19. Kg2 Nxg4 20. hxg4 Qxg4+ 21. Kh2
Bf2 22. Ne4 Rxe4 23. Bxe4 Bg3+ 24. Rxg3 Qxg3+ 25. Kh1 Qf2 26. Bg2 Re8 27. Be1
Ng3+ 28. Kh2 Nf1+ 29. Kh1 Qxf4 30. Qf3 Qh2# 0-1